| 000 | 00468nam a2200169 4500 | ||
|---|---|---|---|
| 008 | 01981 1976 0a 000 0Mex | ||
| 020 | _a006-3155 12-5 | ||
| 050 | _aQC31 M286 | ||
| 082 | _a536.7 M328t | ||
| 100 | _aManrique, José A. | ||
| 245 | _aTermodin mica / José A.Manrique,Rafael S.C rdenas. | ||
| 260 | _aMéxico : Harla | ||
| 300 | _a329p. / 24cm. | ||
| 500 | _aincluye ap‚ndice | ||
| 650 | _a1.Termodinamica | ||
| 700 | _aC rdenas.Rafael S. | ||
| 999 |
_c21592 _d21592 |
||